000 00879nam a2200229Ii 4500
003 JO-AjNU
008 230605s9999||||xx |||||||||||||| ||und||
017 _a2006/4/784
020 _a9957-16-161-X
040 _aJO-AjNU
_bara
_erda
_cJO-AjNU
041 _aara
050 1 4 _aKMM49.Q236.2007
100 3 _a القضاة، مفلح عواد ,
_eauthor
_912394
245 0 0 _aالبينات في المواد المدنية والتجارية " دراسة مقارنة "
250 _aط1
264 3 1 _aعمان : دار الثقافة ، 2006
300 _a352ص
_bيشتمل على ملاحق ص (329 - 346) ويشتمل على المراجع ص ( 347 - 349 )
336 _atext
_btxt
_2rdacontent
337 _aunmediated
_bn
_2rdamedia
338 _avolume
_bnc
_2rdacarrier
650 4 _aالقانون المدني -- الدولة -- إجراءات المحاكم
_912395
999 _aA2814
_c6382
_d6382